Cities and automobile dependence : a sourcebook

محفوظ في:
التفاصيل البيبلوغرافية
المؤلف الرئيسي: Newman Peter W.G
مؤلفون آخرون: Kenworthy Jeffrey R.
التنسيق: كتاب
منشور في: Brookfield : Avebury Technical, c1991.
الموضوعات:
الوسوم: إضافة وسم
لا توجد وسوم, كن أول من يضع وسما على هذه التسجيلة!

MARC

LEADER 00000nam a2200000 4500
020 |a 9781857421033 
040 |a MUL.  |b eng  |e AACR 
082 |a 368.41 NEW 
100 |a Newman Peter W.G. 
245 |a  Cities and automobile dependence :   |b a sourcebook  |c / Peter Newman, Jeffrey R. Kenworthy 
260 |a Brookfield :  |b Avebury Technical,  |c c1991. 
300 |a  xvii, 388 p. :  |b  ill. ;   |c 31 cm 
500 |a Originally published: Aldershot, Hants., England; Brookfield, Vt., USA : Gower Technical, ©1989 
504 |a Includes references  
546 |a eng. 
650 |a Automobiles Fuel consumption 
650 |a Urban transportation Statistics 
650 |a Statistic 
700 |a Kenworthy Jeffrey R.  
942 |c BK 
999 |c 2563  |d 2563